| 000 | 00541nam a2200217Ia 4500 | ||
|---|---|---|---|
| 003 | OSt | ||
| 005 | 20220516114844.0 | ||
| 008 | 210210b2002 xxu||||| |||| 00| 0 eng d | ||
| 040 |
_aAL _c |
||
| 041 | _aEnglish | ||
| 082 | _a657.46 RAOB | ||
| 100 |
_aRAO (K Sadashiva) _937215 |
||
| 245 | _aBusiness taxation I (Income tax) 2003-04 | ||
| 250 | _a17 Rev. | ||
| 260 |
_aUdupi _bSushrutha Books _c2002 |
||
| 300 | _aA-32.M-9 | ||
| 650 |
_ataxation _937216 |
||
| 690 |
_aBusiness Taxation _937217 |
||
| 906 | _a058363 | ||
| 942 |
_2ddc _cBK |
||
| 999 |
_c105373 _d105373 |
||